000 00865nam a2200253Ia 4500
003 OSt
005 20220923212943.0
006 a|||||r|||| 00| 0
007 ta
008 220922b |||||||| |||| 00| 0 hin d
024 _a157,356
037 _cTextual
040 _aARTS
_cARTS
_bhin
041 _2hin
_ahin
082 _aO152,1:g(P:75), N3
100 _aत्रिपाठी, वाशिष्ठ नारायण
245 0 _aरस और रस परम्परा
246 _aRas aur ras paramparā
260 _aदिल्ली
_b जगतराम एंड संस
_c1993
300 _a165 पृ.
_ccm.
650 _aहिन्दी साहित्य
_9156264
942 _hO152,1:g(P:75), N3
_cTEXL
_2CC
999 _c312573
_d312573